|
|
|
|
| LEADER |
01779nkm a2200421 a 4500 |
| 001 |
mzk03001181378 |
| 003 |
CZ BrMZK |
| 005 |
20140327150935.0 |
| 007 |
kj|bo| |
| 008 |
120628s1797 xxk||| f || k|eng|d |
| 040 |
|
|
|a BOA001
|b cze
|
| 072 |
|
7 |
|a 76
|x Grafické umění. Grafika
|2 Konspekt
|9 21
|
| 080 |
|
|
|a 762.13
|2 MRF
|
| 080 |
|
|
|a 75.041.7
|2 MRF
|
| 080 |
|
|
|a (0.026.6)76
|2 MRF
|
| 100 |
1 |
|
|a Wheatley, Francis,
|d 1747-1801
|7 mzk2012707150
|4 aut
|
| 245 |
1 |
4 |
|a The Itinerant Potters.
|h [grafika] /
|c F. Wheatly R.A. pinx. J. Whessell sculp. London Published January 1st. 1797 by T. Simpson. St. Paul's Church Yard and Darling & Thompson, Gt. Newport Street
|
| 260 |
|
|
|a London :
|b Published January 1st. 1797 by T. Simpson. St. Paulis Church Yard and Darling & Thompson, Gt. Newport Street,
|c 1797
|
| 300 |
|
|
|a 1 list :
|b mezzotinta ;
|c 56,1 x 46,3 cm na listu 66 x 56 cm
|
| 500 |
|
|
|a Vloženo do pasparty o velikosti 75,6 x 59,5 cm
|
| 500 |
|
|
|a Velikost tiskového zrcadla 63,9 x 53 cm
|
| 561 |
|
|
|a Provenience: [m.p.] R468 C26974
|
| 561 |
|
|
|a Provenience: [razítko] SDR
|
| 590 |
|
|
|a Papír zežloutnutý stářím
|
| 650 |
0 |
7 |
|a žánrové malířství
|7 ph138696
|2 czenas
|
| 650 |
|
7 |
|a mezzotinty
|7 ph319019
|2 czenas
|
| 655 |
|
7 |
|a grafické listy
|7 fd132404
|2 czenas
|
| 700 |
1 |
|
|a Whessell, John,
|d činný 1760-1797
|7 mzk2012709885
|4 egr
|
| 700 |
1 |
|
|a Simpson, Thomas,
|d činný 1765-1801
|4 pbl
|
| 700 |
1 |
|
|a Thompson, John P.,
|d činný 1798-1811
|4 pbl
|
| 856 |
4 |
1 |
|u https://imageserver.mzk.cz/mzk03/001/181/378/3281G028680
|y Digitalizovaný dokument
|
| 903 |
|
|
|a RP
|
| 910 |
|
|
|e BOE950
|c R - GR - 0000.137,56
|
| 985 |
|
|
|a 1751-1800
|
| 990 |
|
|
|a GP
|
| 996 |
|
|
|e BOE950
|c R - GR - 0000.137,56
|
| 980 |
|
|
|c 280680
|g R-GR-0000.137,56
|1 3281G028680
|
| 991 |
|
|
|k rajhrad
|